| 000 | 00719nam a2200229 a 4500 | ||
|---|---|---|---|
| 001 | 000044143 | ||
| 003 | DO-SdBNP | ||
| 005 | 20180327115005.0 | ||
| 007 | 000044143 | ||
| 008 | 140602s2011 dr a 000 0 spa d | ||
| 020 | _a9789945429312 | ||
| 040 |
_aBPMET _bspa _cBPMET |
||
| 100 | 1 | _aMinaya, Leopoldo | |
| 245 | 1 | 3 |
_aLa canción de Angelina / _cLeopoldo Minaya ; ilustración Rebeca Jiménez Pintos. |
| 260 |
_aSanto Domingo : _bAlfaguara, _c2011. |
||
| 300 |
_a45 p. : _bil. ; _c22 cm. |
||
| 500 | _aIncluye datos biográficos del autor en la contra cubierta | ||
| 700 | 1 | 2 |
_aJiménez Pintos, Rebeca _eil. |
| 942 |
_2ddc _cBK |
||
| 945 | _aInventariado / 2018 VM | ||
| 956 |
_aVMATEO _b10 _c20140602 _lBPMDU _h0069 |
||
| 999 |
_c7265 _d7265 |
||